Statistics for Football Team Anagrams

Click here to take the quiz!

General Stats

  • This quiz has been taken 1,272 times
  • The average score is 8 of 12

Answer Stats

HintAnswer% Correct
LuhlHull
99%
GiwanWigan
91%
CotryvenCoventry
88%
YonlLyon
77%
ChdroaleRochdale
69%
KetosStoke
63%
TafegeGetafe
60%
TerxerExeter
59%
Trop lavePort vale
59%
LticceCeltic
58%
RevtoneEverton
58%
MolykospiaOlympiakos
42%

Score Distribution

Percentile by Number Answered

Percent of People with Each Score

Your Score History

You have not taken this quiz